Countries with the most Internet Users - Statistics

General Stats
  • This quiz has been taken 32 times
  • The average score is 12 of 15
Answer Stats
Internet Users Country % Correct
1.09B+ China
100%
880M+ India
100%
312M+ United States
96%
117M+ Japan
93%
165M+ Brazil
89%
215M+ Indonesia
85%
96M+ Mexico
85%
170M+ Pakistan
85%
130M+ Russia
85%
77M+ Germany
78%
126M+ Bangladesh
74%
80M+ Egypt
70%
136M+ Nigeria
70%
78M+ Iran
67%
74M+ Turkey
67%
No matching quizzes found
Score Distribution
Percent of People with Each Score
Percentile by Number Answered
Your Score History
You have not taken this quiz